000
00229 a2200097 4500
001
12875
100
_a
Chapman,J.
245
_a
Fortran 90/95 for Scientists and Engineers
260
_a
_b
Mc Graw Hill
_c
2004
090
_c
9854
_d
9854
942
_a
NUST-CAE
_c
M
_c
36771
999
_c
247948
_d
247948